Sports Quiz

Random Sports or NBA Quiz

Tracy McGrady Stats Quiz Stats

 Plays Quiz not verified by Sporcle

Support Sporcle.
Go Orange.
Score 0/5 Timer 02:30
0 Plays Today
Question Answer Wrong Answers
Assists Per Game 4.4
82.1%
0.7
1.8%
1.2
12.5%
6.4
3.6%
Blocks Per Game 0.9
78.6%
1.2
14.3%
0.1
7.1%
1.7
0%
Steals Per Game 1.2
66.1%
4.0
3.6%
0.2
3.6%
0.5
26.8%
Rebounds Per Game 5.6
57.1%
2.3
3.6%
4.3
37.5%
8.1
1.8%
Points Per Game 19.6
51.8%
22.7
44.6%
15.4
0%
27.2
3.6%

You're not logged in!

Compare scores with friends on all Sporcle quizzes.
OR
Log In

From the Vault

Finish the Book Title II

by LTH

The greatest novels you'll ever finish in 6 minutes.
Remove Ads.
Support Sporcle.
Get the best of Sporcle when you Go Orange. This ad-free experience offers more features, more stats, and more fun while also helping to support Sporcle. Thank you for becoming a member.

Show Comments

Extras

Top Quizzes Today


Score Distribution

Your Account Isn't Verified!

In order to create a playlist on Sporcle, you need to verify the email address you used during registration. Go to your Sporcle Settings to finish the process.

Report this User

Report this user for behavior that violates our Community Guidelines.

Details: